00493nam a2200145Ia 4500008004100000020001800041041001200059100001800071245015900089250000900248260003100257300000900288650003500297700001500332221030s9999 xx 000 0 und d a9789388548472 aEnglish aR. Y. Vardhan 0aPollock & Mulla : The Indian Contract & Specific Relief Acts, 16th Ed.Vol.I : The Indian Contract Act, 1872 Sections 1 to 72cby R. Y. Vardhan, C. Narayan a16th bLexis NexisaGurgaonc2022 a1131 aContract & Specific Relief Act aC. Narayan